000 00470nam a2200193Ia 4500
005 20250603145517.0
008 250603s9999 xx 000 0 und d
020 _a9781439876367
050 _aTN 870.57 .D36/
100 _aDandekar, Abhijit Y.
245 0 _aPetroleum reservoir rock and fluid properties
250 _a2nd ed.
260 _aUnited state
260 _bCRC Press
260 _c2013
300 _a518 p
650 _aUnited state
942 _cBK
999 _c42068
_d42068